| 000 | 00750nam a2200193 i 4500 | ||
|---|---|---|---|
| 001 | 99873 | ||
| 003 | ES-MaACL | ||
| 005 | 20251005063101.0 | ||
| 007 | t| | ||
| 008 | 050919s1957 sp ||||1| spa d | ||
| 100 | 1 |
_aMartínez Olmedilla, Augusto, _d1880-1965 _978283 |
|
| 245 | 1 | 0 |
_aAnecdotario del siglo XIX : _bmemorias de un afrancesado. La Cuarta esposa de Fernando VII. El maestro Barbieri y su tiempo. José Echegaray: su vida, su obra, su ambiente / _cAugusto Martínez Olmedilla. |
| 260 |
_aMadrid : _bAguilar, _c1957. |
||
| 300 |
_a646 p. ; _c20 cm. |
||
| 651 | 4 |
_aEspaña- _xUsos y costumbres- _yS.XIX. _98521 |
|
| 651 | 7 |
_aEspaña- _xHistoria- _yS.XIX _2 _9142005 |
|
| 852 |
_aES-MaACL _jC-12510 _bR.40640 |
||
| 999 |
_c99873 _d99873 |
||